00749nam a2200217Ia 4500003000900000008004100009020001800050040001600068080001500084100002700099245012700126260004000253300001500293490003200308650001900340650002400359650002500383942000700408999001500415952010100430IN-BaIIA211028s9999 xx 000 0 eng d a0-8053-3160-3 cIIA Library a531.5bGAT aGates, S. James913670 0aSuperspace or one thousand and one lessons in supersymmetrycS. James Gates  aReadingbThe Benjamin-Cumminsc1983 axii, 548p. aFrontiers in physics; v. 58 aNASA Thesaurus aSupergravity911828 aSupersymmetry913671 cBK c8113d8113 00104070aBANbBANcGENd1985-02-21l0o531.5/ GATp8950r2021-11-05w1985-02-21yBKG£ 40.80